|
|
|
|
| LEADER |
01689cas a2200241 a 4500 |
| 001 |
AALejournalIMF010374 |
| 008 |
230101c9999 xx r poo 0 0eng d |
| 020 |
|
|
|c 5.00 USD
|
| 020 |
|
|
|z 9781451929201
|
| 022 |
|
|
|a 0047-083X
|
| 040 |
|
|
|a BD-DhAAL
|c BD-DhAAL
|
| 110 |
2 |
|
|a International Monetary Fund.
|b External Relations Dept.
|
| 245 |
1 |
0 |
|a IMF Survey, Volume 31, Issue 16.
|
| 264 |
|
1 |
|a Washington, D.C. :
|b International Monetary Fund,
|c 2002.
|
| 300 |
|
|
|a 1 online resource (16 pages)
|
| 490 |
1 |
|
|a IMF Survey
|
| 500 |
|
|
|a <strong>Off-Campus Access:</strong> No User ID or Password Required
|
| 500 |
|
|
|a <strong>On-Campus Access:</strong> No User ID or Password Required
|
| 506 |
|
|
|a Electronic access restricted to authorized BRAC University faculty, staff and students
|
| 520 |
3 |
|
|a George T. Abed, a Palestinian and a Jordanian national, took over this summer as Director of the IMF's Middle Eastern Department. In his distinguished 20-year career at the IMF, he has worked on the Middle East and on fiscal policy issues worldwide. Outside the IMF, he taught at the University of California, Berkeley, and managed a development assistance foundation in Geneva, Switzerland. Laura Wallace spoke with him about the region's prospects amid political tensions and difficult economic challenges. Besides modernizing the state and liberalizing the region's economy, he stressed the paramount importance of democracy, human development, and attention to social needs.
|
| 538 |
|
|
|a Mode of access: Internet
|
| 830 |
|
0 |
|a IMF Survey; IMF Survey ;
|v No. 0031/016
|
| 856 |
4 |
0 |
|z Full text available on IMF
|u http://elibrary.imf.org/view/journals/023/0031/016/023.0031.issue-016-en.xml
|z IMF e-Library
|